| 000 | 00994nam a2200241Ia 4500 | ||
|---|---|---|---|
| 001 | 21738 | ||
| 005 | 20260407114813.0 | ||
| 008 | 260320s9999||||xx |||||||||||||| ||und|| | ||
| 020 | _a9789585083448 | ||
| 041 | _aESP | ||
| 082 |
_a658.5 _bS55 |
||
| 100 |
_aSilvera Escudero, Rodolfo Enrique, _eAUT |
||
| 245 | 0 |
_aLogística inteligente : _bestrategias para la automatización y eficiencia |
|
| 250 | _aPrimera edición | ||
| 260 |
_aBogotá : _bEcoe Ediciones, _c2024 |
||
| 300 |
_a185 páginas : _bilustraciones, tablas ; _c24 cm. |
||
| 440 | _a(Economía, finanzas, empresa y gestión. Gestión de la distribución y la logística) | ||
| 650 | _aTCA | ||
| 653 | _aLogística empresarial; Logística digital; Gestión de la cadena de suministro; Automatización de la cadena de suministro | ||
| 654 | _aCAN | ||
| 856 |
_uhttps://ebookcentral-proquest-com.ucsp.lookproxy.com/lib/catolicasp/home.action _zVéase además: Base de datos ProQuest Ebook Central |
||
| 942 |
_cLIB _dJUS _fMAT _2ddc |
||
| 999 |
_c21738 _d21738 |
||